[Event "Asia-ch U20"]
[Site "Waskaduwa"]
[Date "2021.12.22"]
[Round "8"]
[White "Abeyrathne, KWAMGDU"]
[Black "Hazza, Salah Mohammed"]
[Result "1-0"]
[WhiteElo "1054"]
[BlackElo "1318"]
[PlyCount "61"]
[EventDate "2021.12.17"]
[EventType "swiss"]
[EventRounds "9"]
[EventCountry "SRI"]
[SourceTitle "CBM 206 Extra"]
[Source "ChessBase"]
[SourceDate "2022.03.31"]
[SourceVersion "1"]
[SourceVersionDate "2022.03.31"]
[SourceQuality "1"]

1. e4 e5 2. Bc4 Nc6 3. Nf3 Bc5 4. c3 Nf6 5. d4 exd4 6. e5 d5 7. Bb5 Ne4 8. cxd4 Bb6 9. Nc3 0-0 10. Be3 f6 11. Qa4 Nxc3 12. bxc3 Qe8 13. Bxc6 Qxc6 14. Qxc6 bxc6 15. exf6 Rxf6 16. Ne5 Re6 17. f4 Ba6 18. Kd2 Bb7 19. Rhf1 Ba6 20. Rf3 Rf8 21. g4 Bc8 22. f5 Rd6 23. Raf1 h6 24. h4 Rdf6 25. Ng6 Re8 26. g5 hxg5 27. hxg5 Rd6 28. Ne5 Rf8 29. f6 g6 30. Nxg6 Rf7 31. Ne7+ 1-0